000 00524nam a2200169Ia 4500
008 240729s9999 xx 000 0 und d
022 _a2726-6141
245 0 _aJournal of Theoretical, Computational and Applied Mechanics
260 _aFrance
260 _bINRIA
650 _a Engineering (General). Civil engineering (General)
650 _a Mechanics of engineering. Applied mechanics
650 _aTechnology
856 _uhttps://doaj.org/toc/4e6ff8814d594b5d92e2a65dc149d8b6
942 _2ddc
942 _cDOAJEJ
999 _c72161
_d72161
945 _a1
_bMadushi Gamage
_c1
_dMadushi Gamage